Recursos naturales y aspectos ambientales en los Tratados de Libre Comercio con Estados Unidos /

Se hace un análisis de las implicaciones ambientales contenidas en los tratados realizados por los Estados Unidos en América Latina. Según el autor, el hecho de que las exportaciones de recursos naturales ingresen a los mercados de los países industrializados con aranceles muy reducidos, y en muchos...

Popoln opis

Shranjeno v:
Bibliografske podrobnosti
Glavni avtor: Ruiz Caro, Ariela
Format: Texto
Teme:
Oznake: Označite
Brez oznak, prvi označite!

MARC

LEADER 00000 a a2200000 04500
001 11038
003
040
100 |a Ruiz Caro, Ariela  
245 |a Recursos naturales y aspectos ambientales en los Tratados de Libre Comercio con Estados Unidos /  |c Ariela Ruiz Caro 
520 |a Se hace un análisis de las implicaciones ambientales contenidas en los tratados realizados por los Estados Unidos en América Latina. Según el autor, el hecho de que las exportaciones de recursos naturales ingresen a los mercados de los países industrializados con aranceles muy reducidos, y en muchos casos exentas de ellos, da lugar a que se piense que su gestión no es tema de negociación en los Tratados de Libre Comercio, no obstante es tema central y está vinculado con su desarrollo sostenible, pues reafirma el modelo productivo primario exportador, característico de la mayoría de las economías latinoamericanas  
650 |a ZONAS DE LIBRE COMERCIO  
650 |a RECURSOS NATURALES  
650 |a BIODIVERSIDAD  
650 |a LEGISLACION AMBIENTAL  
650 |a AMERICA LATINA  
773 |g volumen 6, número 17; páginas 297-306  
999 |c 22738  |d 22738